000 01004nam a22002537a 4500
005 20240530110514.0
008 160113s2013 ua g b 000 0 ara d
017 _a2012/21033
_bمصر . دار الكتب المصرية
020 _a9789774383329
040 _aEG-CaGPL
082 0 4 _221
_a370.11\
_bب ت
100 1 _aبارسكى ، الان ا
245 1 2 _aالتعليم الناجح للخدمة الاجتماعية = Successful Social Woek Education :
_bدليل الطالب = A Student ,s Guide /
_cالان ا بارسكى ؛ ترجمة على سلام
250 _aط1
260 _aالاسكندرية :
_bالمكتب الجامعى الحديث ،
_c2013 .
300 _a704 ص ؛
_c24 سم .
650 0 4 _aالتعليم
650 0 4 _aالخدمة الاجتماعية
650 0 4 _aالتعليم
_xاغراضة و اهدافة
650 0 4 _aالمناهج
700 0 _aعلى سلام
_eمترجم
942 _2ddc
_cBK
999 _c61759
_d61759